LIBRARY & INFORMATION CENTRE, KCAET, TAVANUR

ONLINE PUBLIC ACCESS CATALOGUE (OPAC)

Coconut embryo plug scooping tool / (Record no. 18092)

MARC details
000 -LEADER
fixed length control field 00468nam a22001697a 4500
003 - CONTROL NUMBER IDENTIFIER
control field OSt
082 ## - DEWEY DECIMAL CLASSIFICATION NUMBER
Classification number 631.3
Item number HAR/CO
088 ## - REPORT NUMBER
Report number P 616
100 ## - MAIN ENTRY--AUTHOR NAME
Personal name Harsha P
245 ## - TITLE STATEMENT
Title Coconut embryo plug scooping tool /
260 ## - PUBLICATION, DISTRIBUTION, ETC. (IMPRINT)
Place of publication Tavanur :
Name of publisher Department of Farm Machinery & Power Engineering,
Year of publication 2024.
700 ## - ADDED ENTRY--PERSONAL NAME
Personal name Nithya Robert
700 ## - ADDED ENTRY--PERSONAL NAME
Personal name Fathima Mariyam Saadiya
700 ## - ADDED ENTRY--PERSONAL NAME
Personal name Dilkhush Girir
700 ## - ADDED ENTRY--PERSONAL NAME
Personal name Dhalin, D (Guide)
942 ## - ADDED ENTRY ELEMENTS (KOHA)
Koha item type Project Report
Holdings
Collection code Home library Current library Full call number Accession Number Koha item type
Reference KAUAET KAUAET 631.3 HAR/CO P 616 Project Report
free website counter